Guess the American Countries Being Drawn - Statistics

General Stats
  • This quiz has been taken 27,757 times
  • The average score is 9 of 16
Answers on the Map
Answers color-coded by a green-red scale on the quiz's map according to % correct below.
 
Answer Stats
% Correct
Chile
65%
Canada
64%
Mexico
64%
United States
64%
Brazil
63%
Cuba
63%
Argentina
62%
Panama
61%
Peru
60%
Bahamas
59%
Haiti
58%
Venezuela
58%
Guyana
57%
Nicaragua
57%
Colombia
56%
Guatemala
56%
Belize
55%
Jamaica
55%
Paraguay
55%
Trinidad and Tobago
55%
Costa Rica
54%
Bolivia
52%
Saint Kitts and Nevis
51%
El Salvador
50%
Saint Vincent and theGrenadines
50%
Antigua and Barbuda
49%
Uruguay
47%
Ecuador
46%
Honduras
45%
Suriname
44%
Dominican Republic
42%
Saint Lucia
41%
Barbados
39%
Grenada
38%
Dominica
37%
No matching quizzes found
Score Distribution
Percent of People with Each Score
Percentile by Number Answered
Your Score History
You have not taken this quiz